000 00395 a2200109 4500
001 ART_15713
005 20260410161918.0
008 260409a
245 1 0 _aLa filosofia Feyerabendiana y la disciplina contable
100 1 _aPiacquadío, Cecilia
773 0 _tDocumentos de trabajo de contabilidad, auditoría y responsabilidad social
_g- Año 2, Nº 4 (dic. 2012)
_wREV14385
999 _c27453
_d27453